| 000 | 00613nam a2200229 a 4500 | ||
|---|---|---|---|
| 005 | 20140310183519.0 | ||
| 008 | 110125s19uu xx 00 eng d | ||
| 020 | _a9718558508 | ||
| 050 |
_aRA 790 _b.G34 2008 |
||
| 100 | _aGaerlan, Josefina E. | ||
| 245 |
_aPrinciples of mental hygiene / _cJosefina E. Gaerlan. |
||
| 250 | _a5th | ||
| 260 |
_aQuezon City : _bPopular Bookstore, _c2008. |
||
| 300 |
_a148 p. : _c23 cm. |
||
| 521 | _aPSYCH | ||
| 650 | _aMental Hygiene. | ||
| 700 | _aDila A. Limpingco | ||
| 700 | _aGeraldine E. Tria | ||
| 942 |
_cBK _2lcc _kLOC |
||
| 999 |
_c24357 _d24357 |
||